书目信息 |
| 题名: |
陈云文选
|
|
| 作者: | 陈云 著 ;中共中央文献编辑委员会 编 | |
| 分册: | ||
| 出版信息: | 北京 人民出版社 1986 |
|
| 页数: | 391页 | |
| 开本: | 19cm | |
| 丛书名: | ||
| 单 册: | ||
| 中图分类: | D61 , D2-1 , D2-0 | |
| 科图分类: | ||
| 主题词: | 经济政策--中国--现代 , 社会主义建设--中国 , 中国共产党 , 党的建设-中国共产党 | |
| 电子资源: | ||
| ISBN: | ||
| 000 | 00940nam0 2200325 45 | |
| 001 | 0186019875 | |
| 005 | 20060812111647.34 | |
| 010 | @dCNY1.45 | |
| 091 | @a3001.1958 | |
| 100 | @a19931115d1986 kemy0chiy0121 ea | |
| 101 | 0 | @achi |
| 102 | @aCN@b110000 | |
| 105 | @ay z 000yy | |
| 200 | 10 | @a陈云文选@Achen yun wen xuan@e1956~1985@f陈云著@g中共中央文献编辑委员会编 |
| 210 | @a北京@c人民出版社@d1986 | |
| 215 | @a391页@d19cm | |
| 600 | 0 | @a陈云@x选集 |
| 601 | 02 | @a中国共产党@x党的建设 |
| 606 | @a经济政策@y中国@z现代 | |
| 606 | @a社会主义建设@y中国 | |
| 606 | 0 | @a中国共产党 |
| 606 | @a党的建设-中国共产党 | |
| 690 | @aD61@v3 | |
| 690 | @aD2-1 | |
| 690 | @aD2-0@v3 | |
| 701 | 0 | @a陈云@Achen yun@4著 |
| 712 | 02 | @a中共中央文献编辑委员会@Azhong gong zhong yang wen xian bian ji wei yuan hui@4编 |
| 801 | 2 | @aCN@bNLC@c20060812 |
| 801 | 0 | @aCN@b深圳图书馆@c20040427 |
| 905 | @f2@b159322-323@dD2-1@e12(1956-1985) | |
| 陈云文选:1956~1985/陈云著/中共中央文献编辑委员会编.-北京:人民出版社,1986 |
| 391页;19cm |
| ISBN :CNY1.45 |
| ● |
| 相关链接 |
|
|
|
|
正题名:陈云文选
索取号:D2-1/12(1956-1985)
 
预约/预借
| 序号 | 登录号 | 条形码 | 馆藏地/架位号 | 状态 | 备注 |
| 1 | 0159322 | 001010934 | 第一借阅区/ [索取号:D2-1/12(1956-1985)] | 在馆 | |
| 2 | 0159323 | 001009580 | 密集书库/ [索取号:D2-1/12(1956-1985)] | 在馆 | |
| 3 | 0159324 | 001009562 | 第一样本阅览室/ [索取号:D2-1/12(1956-1985)] | 在馆 | |
| 4 | 0449063 | 204490639 | 密集书库/ [索取号:D2-1/12(1956-1985)] | 在馆 |